[Event "North Island-ch Staurt Memorial"]
[Site "Auckland"]
[Date "2023.07.14"]
[Round "3"]
[White "Johns, Daniel"]
[Black "Holdo, Karl"]
[Result "1/2-1/2"]
[WhiteElo "1724"]
[BlackElo "1391"]
[PlyCount "104"]
[EventDate "2023.07.13"]
[EventType "swiss"]
[EventRounds "8"]
[EventCountry "NZL"]
[SourceTitle "EXT 2024"]
[Source "ChessBase"]
[SourceDate "2023.10.10"]
[SourceVersion "1"]
[SourceVersionDate "2023.10.10"]
[SourceQuality "1"]

1. e4 c5 2. Nf3 d6 3. d4 cxd4 4. Nxd4 Nf6 5. Nc3 a6 6. Be2 e5 7. Nb3 Be7 8. 0-0 Be6 9. Be3 Nbd7 10. f3 Qc7 11. Rc1 Nb6 12. Nd2 d5 13. Nxd5 Nbxd5 14. exd5 Nxd5 15. Bf2 0-0 16. c4 Nf4 17. b3 Rad8 18. Be3 Bc5 19. Bxc5 Qxc5+ 20. Rf2 Qe3 21. Bf1 f5 22. Qe1 Qc5 23. Rc3 Ng6 24. Qe3 Qxe3 25. Rxe3 Rfe8 26. g3 h5 27. Rd3 Bf7 28. Kg2 Ne7 29. Nb1 Nc6 30. Rfd2 Rxd3 31. Rxd3 Rd8 32. Rxd8+ Nxd8 33. Nc3 Kf8 34. Kf2 Nc6 35. Ke3 Ke7 36. Bd3 g6 37. Na4 Kd6 38. a3 Na5 39. c5+ Kc6 40. b4 Nc4+ 41. Bxc4 Bxc4 42. Nb6 Be6 43. Kd3 g5 44. Nc4 Bxc4+ 45. Kxc4 g4 46. fxg4 hxg4 47. a4 e4 48. b5+ Kc7 49. Kd4 axb5 50. axb5 Kd7 51. Ke3 Ke6 52. Kd4 Ke7 1/2-1/2

[Event "NZL-ch op-B 130th"]
[Site "Wellington"]
[Date "2023.01.07"]
[Round "6"]
[White "Malcolm, Aidan"]
[Black "Holdo, Karl"]
[Result "0-1"]
[WhiteElo "1838"]
[BlackElo "1707"]
[PlyCount "91"]
[EventDate "2023.01.02"]
[EventType "swiss"]
[EventRounds "9"]
[EventCountry "NZL"]
[SourceTitle "CBM 212 Extra"]
[Source "ChessBase"]
[SourceDate "2023.03.31"]
[SourceVersion "1"]
[SourceVersionDate "2023.03.31"]
[SourceQuality "1"]

1. e4 c5 2. Be2 d6 3. f4 Nc6 4. d3 Nf6 5. Nf3 g6 6. 0-0 Bg7 7. Qe1 Bg4 8. c3 Qb6 9. Kh1 h5 10. Ng5 Rf8 11. Bxg4 Nxg4 12. h3 Nh6 13. Na3 0-0-0 14. Rb1 Qa6 15. Bd2 d5 16. e5 e6 17. d4 cxd4 18. cxd4 Nf5 19. Nf3 Nfxd4 20. Nxd4 Nxd4 21. Bb4 Nf5 22. Bxf8 Bxf8 23. Rc1+ Kb8 24. Qc3 Qc6 25. Qd3 Qb6 26. Rc3 h4 27. Rfc1 Ng3+ 28. Kh2 Ne4 29. Rb3 Nc5 30. Rxc5 Qxc5 31. Rc3 Qb6 32. Nb5 a6 33. Nd4 Bc5 34. Rb3 Bxd4 35. Rxb6 Bxb6 36. Qd2 d4 37. Qd3 Ba5 38. Kg1 Be1 39. Qa3 Rd5 40. Qf8+ Ka7 41. Qxf7 Bg3 42. b4 d3 43. Qxe6 Rd4 44. Qe7 Rc4 45. Qc5+ Rxc5 46. bxc5 0-1

[Event "NZL-ch op-B 130th"]
[Site "Wellington"]
[Date "2023.01.02"]
[Round "1"]
[White "Holdo, Karl"]
[Black "Xing, Zeqi"]
[Result "1/2-1/2"]
[WhiteElo "1707"]
[BlackElo "1220"]
[PlyCount "46"]
[EventDate "2023.01.02"]
[EventType "swiss"]
[EventRounds "9"]
[EventCountry "NZL"]
[SourceTitle "CBM 212 Extra"]
[Source "ChessBase"]
[SourceDate "2023.03.31"]
[SourceVersion "1"]
[SourceVersionDate "2023.03.31"]
[SourceQuality "1"]

1. d4 Nf6 2. Nf3 d5 3. g3 c5 4. Bg2 Nc6 5. c3 Bf5 6. 0-0 e6 7. Re1 cxd4 8. Nxd4 Nxd4 9. cxd4 Bd6 10. Bg5 h6 11. Bxf6 Qxf6 12. Qa4+ Ke7 13. Nc3 Rhd8 14. e4 dxe4 15. f3 e3 16. Rxe3 Kf8 17. Ne4 Bxe4 18. fxe4 Bc7 19. e5 Qg5 20. Rf3 Rxd4 21. Qc2 Bb6 22. Kh1 Kg8 23. Rc3 Ba5 1/2-1/2

[Event "North Island-ch"]
[Site "Auckland"]
[Date "2022.07.16"]
[Round "5"]
[White "Liu, William Rui"]
[Black "Holdo, Karl"]
[Result "1-0"]
[WhiteElo "1692"]
[BlackElo "1559"]
[PlyCount "68"]
[EventDate "2022.07.14"]
[EventType "swiss"]
[EventRounds "9"]
[EventCountry "NZL"]
[SourceTitle "EXT 2024"]
[Source "ChessBase"]
[SourceDate "2023.10.10"]
[SourceVersion "1"]
[SourceVersionDate "2023.10.10"]
[SourceQuality "1"]

1. e4 e5 2. Nf3 Nc6 3. d4 exd4 4. Bc4 Nf6 5. e5 d5 6. Bb5 Ne4 7. Nxd4 Bd7 8. Bxc6 bxc6 9. 0-0 Be7 10. Be3 0-0 11. Nd2 Nxd2 12. Qxd2 c5 13. Nb3 d4 14. Bf4 Bc6 15. Rfd1 Qd5 16. f3 Rad8 17. Qe2 g5 18. Bg3 Kh8 19. Rd2 g4 20. fxg4 Bg5 21. Rdd1 Be3+ 22. Kh1 Ba8 23. Rf1 c4 24. Nc1 d3 25. cxd3 cxd3 26. Nxd3 Qxd3 27. Qxd3 Rxd3 28. Rad1 Rfd8 29. Rde1 Bb6 30. Bf4 Bd5 31. Bg5 Rd7 32. Bh6 Be6 33. a3 Bxg4 34. e6 Rd8 1-0

[Event "North Island-ch"]
[Site "Auckland"]
[Date "2022.07.15"]
[Round "2"]
[White "Holdo, Karl"]
[Black "Park Tamati, Philli"]
[Result "0-1"]
[WhiteElo "1559"]
[BlackElo "1888"]
[PlyCount "72"]
[EventDate "2022.07.14"]
[EventType "swiss"]
[EventRounds "9"]
[EventCountry "NZL"]
[SourceTitle "EXT 2024"]
[Source "ChessBase"]
[SourceDate "2023.10.10"]
[SourceVersion "1"]
[SourceVersionDate "2023.10.10"]
[SourceQuality "1"]

1. d4 b6 2. Nf3 e6 3. Bf4 Bb7 4. e3 f5 5. Nbd2 Nf6 6. Bd3 Be7 7. Qe2 Ne4 8. Bxe4 fxe4 9. Ng5 Bxg5 10. Qh5+ g6 11. Qxg5 Qxg5 12. Bxg5 0-0 13. Bf4 Nc6 14. a3 Nxd4 15. Rc1 Nb5 16. Nc4 a6 17. h4 Rf5 18. Ne5 d6 19. Ng4 Kg7 20. Bh6+ Kh8 21. Nh2 c5 22. g4 Rf7 23. g5 d5 24. Ng4 Nd6 25. h5 gxh5 26. Rxh5 Nf5 27. Nf6 d4 28. Ke2 dxe3 29. Rch1 Rd8 30. Bg7+ Kxg7 31. Rxh7+ Kg6 32. Rxf7 Kxf7 33. Rh7+ Ng7 34. fxe3 Kg6 35. Rh2 Kxg5 36. Rf2 Nf5 0-1

[Event "Henderson Trusts op-B 44th"]
[Site "Henderson"]
[Date "2022.06.04"]
[Round "2"]
[White "Holdo, Karl"]
[Black "Wells, Clinton A"]
[Result "0-1"]
[WhiteElo "1626"]
[BlackElo "1709"]
[PlyCount "40"]
[EventDate "2022.06.04"]
[EventType "swiss"]
[EventRounds "6"]
[EventCountry "NZL"]
[SourceTitle "EXT 2024"]
[Source "ChessBase"]
[SourceDate "2023.10.10"]
[SourceVersion "1"]
[SourceVersionDate "2023.10.10"]
[SourceQuality "1"]

1. d4 Nf6 2. Nf3 d6 3. c4 g6 4. Nc3 Bg7 5. e4 0-0 6. Be2 e5 7. 0-0 exd4 8. Nxd4 Re8 9. f3 c6 10. Nc2 Be6 11. Be3 Na6 12. Qc1 Re7 13. Rd1 Rd7 14. Rd2 Nc5 15. Qd1 Ne8 16. Nd4 a5 17. Rc1 Rc7 18. b3 Qe7 19. Bf1 Bc8 20. Nc2 Bxc3 0-1

[Event "Henderson Trusts op-B 43rd"]
[Site "Henderson"]
[Date "2021.06.07"]
[Round "6"]
[White "Chen, Matthew1"]
[Black "Holdo, Karl"]
[Result "0-1"]
[WhiteElo "1462"]
[BlackElo "1596"]
[PlyCount "70"]
[EventDate "2021.06.05"]
[EventType "swiss"]
[EventRounds "6"]
[EventCountry "NZL"]
[SourceTitle "EXT 2024"]
[Source "ChessBase"]
[SourceDate "2023.10.10"]
[SourceVersion "1"]
[SourceVersionDate "2023.10.10"]
[SourceQuality "1"]

1. c4 e6 2. Nc3 d5 3. cxd5 exd5 4. d4 Nf6 5. g3 c6 6. Bg2 Be7 7. Nf3 0-0 8. 0-0 Nbd7 9. Nd2 Qb6 10. Nb3 Re8 11. e4 Nxe4 12. Nxe4 dxe4 13. Bxe4 Nf6 14. f3 Be6 15. Be3 Nd5 16. Bxd5 Bxd5 17. Qc2 Bf6 18. Rae1 Bxb3 19. Qxb3 Qxb3 20. axb3 Rxe3 21. Rxe3 Bxd4 22. Rfe1 Re8 23. Kf2 c5 24. f4 f5 25. Kf3 Rxe3+ 26. Rxe3 Bxe3 27. Kxe3 Kf7 28. g4 fxg4 29. Ke4 Kf6 30. f5 g6 31. fxg6 Kxg6 32. Kd5 h5 33. Kxc5 h4 34. Kd4 g3 35. hxg3 hxg3 0-1

[Event "Henderson Trusts op-B 43rd"]
[Site "Henderson"]
[Date "2021.06.07"]
[Round "5"]
[White "Holdo, Karl"]
[Black "Thurner, Anya"]
[Result "1-0"]
[WhiteElo "1596"]
[BlackElo "1553"]
[PlyCount "48"]
[EventDate "2021.06.05"]
[EventType "swiss"]
[EventRounds "6"]
[EventCountry "NZL"]
[SourceTitle "EXT 2024"]
[Source "ChessBase"]
[SourceDate "2023.10.10"]
[SourceVersion "1"]
[SourceVersionDate "2023.10.10"]
[SourceQuality "1"]

1. d4 d5 2. c4 e6 3. Nf3 Nf6 4. e3 Be7 5. Nc3 0-0 6. Qc2 b6 7. cxd5 exd5 8. Bd3 h6 9. 0-0 Be6 10. Ne5 c5 11. a3 c4 12. Be2 a6 13. f4 Qc8 14. f5 Bd7 15. g4 Bc6 16. Bf3 Rd8 17. Qg2 b5 18. h4 Bb7 19. g5 hxg5 20. hxg5 Ne4 21. Bxe4 dxe4 22. f6 Bd6 23. g6 fxg6 24. f7+ Kf8 1-0

[Event "Auckland Morrison Memorial"]
[Site "Auckland"]
[Date "2020.10.26"]
[Round "6"]
[White "Ning, Isabelle Yixuan"]
[Black "Holdo, Karl"]
[Result "1/2-1/2"]
[WhiteElo "1702"]
[BlackElo "1540"]
[PlyCount "92"]
[EventDate "2020.10.24"]
[EventType "swiss"]
[EventRounds "6"]
[EventCountry "NZL"]
[SourceTitle "EXT 2024"]
[Source "ChessBase"]
[SourceDate "2023.10.10"]
[SourceVersion "1"]
[SourceVersionDate "2023.10.10"]
[SourceQuality "1"]

1. d4 d5 2. c4 c6 3. Nc3 Nf6 4. e3 e6 5. Nf3 Nbd7 6. Bd3 dxc4 7. Bxc4 b5 8. Bd3 a6 9. 0-0 Bb7 10. e4 c5 11. Re1 cxd4 12. Nxd4 Ne5 13. Bc2 Bc5 14. Be3 Qe7 15. Nf3 Nxf3+ 16. Qxf3 Bxe3 17. Qxe3 0-0 18. Rad1 Rfd8 19. e5 Nd5 20. Qh3 h6 21. Ne4 Nf4 22. Qg4 Rxd1 23. Rxd1 Bxe4 24. Bxe4 Rd8 25. g3 Rxd1+ 26. Qxd1 Nh3+ 27. Kg2 Ng5 28. Qd6 Qxd6 29. exd6 f5 30. d7 Nf7 31. Bb7 a5 32. Kf3 Nd8 33. Bc8 Kf7 34. Ke3 Ke7 35. Kd4 Kd6 36. Ba6 e5+ 37. Kc3 Kc5 38. a3 Kb6 39. Bc8 g5 40. h3 h5 41. b4 axb4+ 42. axb4 Kc7 43. Kd3 Kb6 44. Ke3 Kc6 45. Ba6 Kb6 46. Bc8 Kc6 1/2-1/2

[Event "Auckland Anniversary op"]
[Site "Auckland"]
[Date "2020.01.26"]
[Round "4"]
[White "Guerra, Romie Lord"]
[Black "Holdo, Karl"]
[Result "1-0"]
[WhiteElo "1968"]
[BlackElo "1594"]
[PlyCount "99"]
[EventDate "2020.01.25"]
[EventType "swiss"]
[EventRounds "6"]
[EventCountry "NZL"]
[SourceTitle "EXT 2024"]
[Source "ChessBase"]
[SourceDate "2023.10.10"]
[SourceVersion "1"]
[SourceVersionDate "2023.10.10"]
[SourceQuality "1"]

1. d4 Nf6 2. Nf3 e6 3. Bg5 d5 4. e3 Be7 5. Bd3 Nbd7 6. Nbd2 c5 7. c3 cxd4 8. exd4 0-0 9. 0-0 b6 10. Re1 Bb7 11. Qe2 Rc8 12. a4 Re8 13. Bb5 Ne4 14. Bf4 Rf8 15. a5 Ndf6 16. Ba6 Nxd2 17. Bxb7 Nxf3+ 18. Qxf3 Rb8 19. Bxb8 Qxb8 20. Ba6 bxa5 21. Qe2 Bd6 22. g3 Qd8 23. Bd3 Qb6 24. Ra2 Bc7 25. Qc2 Rb8 26. Rb1 Qc6 27. Qa4 Qxa4 28. Rxa4 Bb6 29. Kf1 g6 30. Ke2 Re8 31. Re1 Re7 32. f3 Kf8 33. Bb5 Rc7 34. Kd3 Ne8 35. Bxe8 Kxe8 36. b3 Rd7 37. Ra2 Rd6 38. Rd2 Kd7 39. g4 Kc7 40. Rg2 Kb7 41. Rg3 Rd8 42. Rh3 Rh8 43. f4 Bc7 44. f5 gxf5 45. gxf5 exf5 46. Re7 h5 47. Rxf7 f4 48. Rf5 h4 49. Rxd5 f3 50. Rf5 1-0

[Event "Auckland ANZAC op"]
[Site "Auckland"]
[Date "2017.04.25"]
[Round "5"]
[White "Eade, Don"]
[Black "Holdo, Karl"]
[Result "1/2-1/2"]
[WhiteElo "1844"]
[BlackElo "1640"]
[PlyCount "97"]
[EventDate "2017.04.22"]
[EventType "swiss"]
[EventRounds "6"]
[EventCountry "NZL"]
[SourceTitle "CBM 178 Extra"]
[Source "ChessBase"]
[SourceDate "2017.06.22"]
[SourceVersion "1"]
[SourceVersionDate "2017.06.22"]
[SourceQuality "1"]

1. e4 c5 2. Nf3 d6 3. d4 cxd4 4. Nxd4 Nf6 5. Nc3 a6 6. Bc4 e6 7. Bb3 Be7 8. Be3 Bd7 9. Qd2 Nc6 10. f3 Rc8 11. 0-0-0 0-0 12. g4 Na5 13. g5 Nxb3+ 14. Nxb3 Nh5 15. f4 Qc7 16. Rdf1 b5 17. Kb1 b4 18. Ne2 a5 19. f5 a4 20. Nbd4 e5 21. Nf3 Qc4 22. f6 Bd8 23. fxg7 Nxg7 24. Qd3 Be6 25. Qxc4 Bxc4 26. Re1 b3 27. axb3 axb3 28. Nc3 bxc2+ 29. Kxc2 Ba5 30. Bd2 Ne6 31. Ra1 Bb6 32. b3 Be2 33. Nh4 Bd4 34. Nf5 Kh8 35. Nxd6 Rc6 36. Nf5 Bf3 37. Rhe1 Bxc3 38. Bxc3 Rfc8 39. Re3 Bxe4+ 40. Rxe4 Rxc3+ 41. Kd1 Rd8+ 42. Ke2 Nd4+ 43. Nxd4 exd4 44. Rd1 d3+ 45. Ke3 d2+ 46. Ke2 Rh3 47. b4 Rxh2+ 48. Ke3 Rh3+ 49. Ke2 1/2-1/2

[Event "Auckland Anniversary op"]
[Site "Auckland"]
[Date "2017.01.28"]
[Round "3"]
[White "Cooper, Nigel"]
[Black "Holdo, Karl"]
[Result "1/2-1/2"]
[WhiteElo "1643"]
[BlackElo "1676"]
[PlyCount "45"]
[EventDate "2017.01.27"]
[EventType "swiss"]
[EventRounds "7"]
[EventCountry "NZL"]
[SourceTitle "EXT 2018"]
[Source "ChessBase"]
[SourceDate "2017.10.13"]
[SourceVersion "1"]
[SourceVersionDate "2017.10.13"]
[SourceQuality "1"]

1. e4 c5 2. Nf3 d6 3. c3 Nf6 4. Bd3 e6 5. 0-0 Be7 6. Re1 Nc6 7. Bc2 e5 8. d4 cxd4 9. cxd4 exd4 10. Nxd4 0-0 11. Nc3 a6 12. Bf4 Ne5 13. Nf5 Bxf5 14. exf5 Qa5 15. a3 Rac8 16. Rc1 Rfe8 17. Ne4 Nxe4 18. Rxe4 Bf6 19. Qe2 Qb5 20. Qxb5 axb5 21. b3 d5 22. Ree1 Nc6 23. Bd3 1/2-1/2

[Event "Auckland Morrison Memorial"]
[Site "Auckland"]
[Date "2016.10.22"]
[Round "2"]
[White "Duneas, John"]
[Black "Holdo, Karl"]
[Result "1-0"]
[WhiteElo "2070"]
[BlackElo "1680"]
[PlyCount "83"]
[EventDate "2016.10.21"]
[EventType "swiss"]
[EventRounds "6"]
[EventCountry "NZL"]
[SourceTitle "EXT 2018"]
[Source "ChessBase"]
[SourceDate "2017.10.13"]
[SourceVersion "1"]
[SourceVersionDate "2017.10.13"]
[SourceQuality "1"]

1. d4 Nf6 2. c4 e6 3. Nf3 d5 4. Bg5 h6 5. Bh4 Bb4+ 6. Nc3 c5 7. a3 Bxc3+ 8. bxc3 g5 9. Bg3 Ne4 10. Rc1 Qa5 11. e3 Nc6 12. Ne5 Nxg3 13. hxg3 Nxe5 14. dxe5 dxc4 15. Bxc4 Bd7 16. Qf3 0-0-0 17. Qxf7 Rde8 18. 0-0 Qa4 19. Rfd1 Rhf8 20. Qh7 Rh8 21. Qd3 Bc6 22. Rb1 h5 23. Bb5 Bxb5 24. Rxb5 Kb8 25. Qd7 Qa6 26. Rdb1 b6 27. Qd6+ Ka8 28. Rxc5 Rc8 29. Rxc8+ Qxc8 30. Rd1 h4 31. gxh4 gxh4 32. Qd7 Qc4 33. Qg7 Rc8 34. Rd7 Qa6 35. Qe7 Rxc3 36. Qxe6 Rc8 37. Qd5+ Kb8 38. e6 h3 39. Qe5+ Ka8 40. e7 hxg2 41. Qd5+ Kb8 42. Kxg2 1-0

[Event "NZL-ch op 122nd"]
[Site "Auckland"]
[Date "2015.01.06"]
[Round "6"]
[White "Holdo, Karl"]
[Black "Packenham, John"]
[Result "1-0"]
[WhiteElo "1606"]
[BlackElo "1704"]
[PlyCount "63"]
[EventDate "2015.01.01"]
[EventType "swiss"]
[EventRounds "9"]
[EventCountry "NZL"]
[SourceTitle "CBM 164 Extra"]
[Source "ChessBase"]
[SourceDate "2015.03.02"]
[SourceVersion "1"]
[SourceVersionDate "2015.03.02"]
[SourceQuality "1"]

1. d4 f5 2. c4 Nf6 3. Nc3 c5 4. d5 g6 5. Nf3 Bg7 6. Qc2 0-0 7. g3 d6 8. Bg2 Na6 9. 0-0 Nc7 10. a4 a5 11. Re1 h6 12. Nh4 Kh7 13. e4 Nxe4 14. Nxe4 fxe4 15. Bxe4 Bd4 16. Be3 Bxe3 17. Rxe3 Rf6 18. Bxg6+ Kg7 19. Bd3 e5 20. Rae1 Bh3 21. Bf5 Bxf5 22. Nxf5+ Kf7 23. Nh4 Qg8 24. Qe2 Qg5 25. Rb3 Ra7 26. Kh1 b6 27. Rxb6 Na6 28. Ng2 Nb4 29. f4 Qf5 30. fxe5 dxe5 31. Rxf6+ Qxf6 32. Rf1 1-0

[Event "NZL-ch op 122nd"]
[Site "Auckland"]
[Date "2015.01.05"]
[Round "5"]
[White "Mukkattu, Philip"]
[Black "Holdo, Karl"]
[Result "1-0"]
[WhiteElo "1743"]
[BlackElo "1606"]
[PlyCount "115"]
[EventDate "2015.01.01"]
[EventType "swiss"]
[EventRounds "9"]
[EventCountry "NZL"]
[SourceTitle "CBM 164 Extra"]
[Source "ChessBase"]
[SourceDate "2015.03.02"]
[SourceVersion "1"]
[SourceVersionDate "2015.03.02"]
[SourceQuality "1"]

1. d4 Nf6 2. c4 e6 3. Qc2 Bb4+ 4. Nc3 c5 5. a3 Bxc3+ 6. bxc3 Nc6 7. Nf3 d6 8. e4 e5 9. d5 Ne7 10. Bd3 Ng6 11. g3 0-0 12. h4 Bg4 13. Nh2 Bc8 14. Be2 Qa5 15. 0-0 h6 16. h5 Ne7 17. f4 Bh3 18. Rd1 Nxe4 19. Qxe4 Qxc3 20. Be3 Bf5 21. Qf3 e4 22. Qf2 Bd7 23. Rdc1 Qf6 24. Bd2 Nf5 25. Rab1 b6 26. Ng4 Qd4 27. Bc3 Qxf2+ 28. Kxf2 Nd4 29. Bd1 f5 30. Ne3 Rab8 31. Nc2 Nxc2 32. Rxc2 Ba4 33. Rcb2 Bxd1 34. Rxd1 Rf7 35. a4 e3+ 36. Kxe3 Re8+ 37. Kf2 Re4 38. a5 Rxc4 39. axb6 axb6 40. Be1 Rb7 41. Rb5 Rc2+ 42. Kf3 Rh2 43. Ba5 Ra7 44. Bd2 Ra2 45. Be3 Rhb2 46. Rb1 Rxb1 47. Rxb1 Ra6 48. Ke2 Kf7 49. Bd2 g6 50. hxg6+ Kxg6 51. Kd3 h5 52. Kc4 Ra4+ 53. Bb4 Kf7 54. Kb5 Rxb4+ 55. Rxb4 cxb4 56. Kxb4 Ke8 57. Kb5 Kd8 58. Kxb6 1-0